|
|
|
|
| LEADER |
00000nam2a2200000 4500 |
| 001 |
318214 |
| 005 |
20231102003044.0 |
| 035 |
|
|
|a (RuTPU)RU\TPU\book\343712
|
| 035 |
|
|
|a RU\TPU\book\101498
|
| 090 |
|
|
|a 318214
|
| 100 |
|
|
|a 20160422d1977 k y0rusy50 ca
|
| 101 |
0 |
|
|a rus
|
| 102 |
|
|
|a RU
|
| 105 |
|
|
|a a g 000zy
|
| 200 |
0 |
|
|a Т. 2 : Экономика, организация, планирование, управление
|
| 210 |
|
|
|d 1977
|
| 215 |
|
|
|a 511 с.
|c ил.
|
| 461 |
|
1 |
|0 (RuTPU)RU\TPU\book\343708
|t Справочное пособие директору производственного объединения, предприятия
|o в 2 т.
|f под ред. Г. А. Егиазаряна, А. Д. Шеремета
|v Т. 2 : Экономика, организация, планирование, управление
|d 1977
|
| 606 |
1 |
|
|a Руководящие кадры
|x Организация труда
|2 stltpush
|3 (RuTPU)RU\TPU\subj\26339
|9 50293
|
| 610 |
1 |
|
|a справочные пособия
|
| 610 |
1 |
|
|a предприятия
|
| 610 |
1 |
|
|a производственные объединения
|
| 610 |
1 |
|
|a планирование
|
| 610 |
1 |
|
|a управление
|
| 610 |
1 |
|
|a руководящие работники
|
| 610 |
1 |
|
|a производство
|
| 675 |
|
|
|a 658.310.823-057.177(035)
|v 3
|
| 801 |
|
1 |
|a RU
|b 63413507
|c 20060414
|g PSBO
|
| 801 |
|
2 |
|a RU
|b 63413507
|c 20171031
|g PSBO
|
| 942 |
|
|
|c BK
|